00789cam a2200205 a 450000100100000000500170001000800410002704000230006808200180009110000380010924501350014726000710028230000270035349000240038049000310040465000200043565000350045570000360049083000570052600000575220200929151753.0810519s1978 uy 000 j spa  aDO-SdBNPcDLCdDLC aU863.3bG216n1 aGarcía Saiz, Valentín,d1894-13aEl narrador gaucho, novela en cuentos :bselección de cuentos /cValentín García Sáiz ; prólogo de Domingo Luis Bordoli. aMontevideo, Uruguay :bMinisterio de Educación y Cultura,c1978. axxii, 236 p. ;c19 cm.1 aBiblioteca artigas.1 aClásicos uruguayosv153. 4aNovela uruguaya 4aLiteratrura uruguayaySIGLO XX1 aBordoli, Domingo Luis,epról. 0aBiblioteca Artigas.pClásicos uruguayos ;vv. 153.